A COURSE IN ELECTRICAL POWER (Record no. 614798)

MARC details
000 -LEADER
fixed length control field 00362pam a2200157a 44500
008 - FIXED-LENGTH DATA ELEMENTS--GENERAL INFORMATION
fixed length control field 230515b1984 xxu||||| |||| 00| 0 eng d
020 ## - INTERNATIONAL STANDARD BOOK NUMBER
International Standard Book Number NULL
041 ## - LANGUAGE CODE
Language code of text/sound track or separate title ENGL
082 ## - DEWEY DECIMAL CLASSIFICATION NUMBER
Classification number 621.380412/GUP/SON
100 ## - MAIN ENTRY--PERSONAL NAME
Personal name GUPTA P.V. SONI
245 ## - TITLE STATEMENT
Title A COURSE IN ELECTRICAL POWER
250 ## - EDITION STATEMENT
Edition statement B27
260 ## - PUBLICATION, DISTRIBUTION, ETC.
Place of publication, distribution, etc. NULL
Name of publisher, distributor, etc. DHANP
Date of publication, distribution, etc. 1984
300 ## - PHYSICAL DESCRIPTION
Extent 272 PB
650 ## - SUBJECT ADDED ENTRY--TOPICAL TERM
Topical term or geographic name entry element NULL
Holdings
Withdrawn status Lost status Damaged status Not for loan Home library Current library Shelving location Date acquired Source of acquisition Cost, normal purchase price Total Checkouts Full call number Barcode Date last seen Price effective from Koha item type
        College of Engineering, Pune College of Engineering, Pune   10/03/1984 NULL 52.50   621.380412/GUP/SON ECP-G-940 28/06/2023 28/06/2023 Book